00448 2200181 4500001002100000005001500021008004100036020001800077035001900095041000700114082001000121090001600131100001500147245002400162260003700186300001900223650002400242INLIS00000000001439420241224114733241224||||||||| | ||| |||| || |  a979-692-142-1 0010-1224014394 aid0 a400.7 a400.7 SOB a0 aALEX SOBUR00aANALISIS Teks Media aBandungbRemaja Rosdakaryac2009 a200hlm;16x24cm 0aBahasa & Linguistik